| 000 | 00854cab a22001935a 4500 | ||
|---|---|---|---|
| 001 | L138044 | ||
| 008 | 070514s2007 xxk f 000 0 eng d | ||
| 035 | _a(Sirsi) u138044 | ||
| 041 | 0 | _aeng | |
| 100 | 1 | _aKeeping, Miles | |
| 245 | 0 | 0 |
_aCorporate social responsibility _bcreating business opportunities |
| 260 | _c2007 | ||
| 490 | 0 |
_aProperty Forecast _vApril 2007, 7-8(2) |
|
| 520 | _aDiscusses how getting to grips with corporate social responsibility can help companies keep ahead of competition. Discusses the growth of corporate responsibility in businesses, reasons for the development of corporate responsibility, reporting, responsible property investment and green issues. | ||
| 590 | _aKA | ||
| 651 | 4 |
_aEngland and Wales _y1543- |
|
| 690 | _aMANAGEMENT-BUSINESS MANAGEMENT-BUSINESS ETHICS-CORPORATE SOCIAL RESPONSIBILITY | ||
| 942 | _n0 | ||
| 999 |
_c106982 _d106982 |
||